The poem of the Cid (Record no. 64139)

MARC details
000 -LEADER
fixed length control field 00563nam a2200193Ia 4500
008 - FIXED-LENGTH DATA ELEMENTS--GENERAL INFORMATION
fixed length control field 191130s1957##################000#0#eng##
020 ## - INTERNATIONAL STANDARD BOOK NUMBER
ISBN 9780520250109
082 ## - DEWEY DECIMAL CLASSIFICATION NUMBER
Classification number 861.27 SIM
100 ## - MAIN ENTRY--AUTHOR NAME
Personal name Simpson, Lesley Byrd
245 ## - TITLE STATEMENT
Title The poem of the Cid
Statement of responsibility, etc Translated by Lesley Byrd Simpson
260 ## - PUBLICATION, DISTRIBUTION, ETC. (IMPRINT)
Place of publication Berkeley
Name of publisher University of California Press
Year of publication 1957
300 ## - PHYSICAL DESCRIPTION
Number of Pages 139 p. illus. 19 cm
650 ## - SUBJECT ADDED ENTRY--TOPICAL TERM
Topical Term Cid, ca. 1043-1099 - Romances
991 ## -
-- 284497
Holdings
Withdrawn status Lost status Damaged status Not for loan Home library Current library Date acquired Full call number Accession Number Price effective from Koha item type
        Anna Centenary Library Anna Centenary Library 09.10.2020 861.27 SIM 166411 09.10.2020 English Books

Find us on the map